Normal view
MARC view
- Thorntop Jones, G
Entry Personal Name
001 - CONTROL NUMBER
- control field: 7328
003 - CONTROL NUMBER IDENTIFIER
- control field: OSt
005 - DATE AND TIME OF LATEST TRANSACTION
- control field: 20250325155125.0
008 - FIXED-LENGTH DATA ELEMENTS
- fixed length control field: 250325|| aca||aabn | a|a d
040 ## - CATALOGING SOURCE
- Original cataloging agency: OSt
- Transcribing agency: OSt
100 ## - HEADING--PERSONAL NAME
- Personal name: Thorntop Jones, G
670 ## - SOURCE DATA FOUND
- Source citation: Work cat.: (OSt)5636: Thorntop Jones, G ., Portable power tools and equipments / , 1949.
